| 000 | 00685nam a2200241 4500 | ||
|---|---|---|---|
| 001 | 259 | ||
| 003 | OSt | ||
| 005 | 20250224142554.0 | ||
| 008 | 250224b |||||||g |||| 00| 0 eng d | ||
| 040 | _bpor | ||
| 041 | _hpor | ||
| 082 |
_a352.16 _bI12 |
||
| 245 | _aIBIÁ 100 anos / | ||
| 260 |
_aIbiá _bPrefeitura Municipal de Ibiá _c2023 |
||
| 300 |
_a119 p. _bil. |
||
| 520 | _aA revista IBIÁ 100 anos, apresenta o histórico, a cultura, e as entidades que compoêm o município de Ibiá | ||
| 650 | 0 |
_aMunicípio de Ibiá _9476 |
|
| 650 | 0 |
_aEntrevista _9477 |
|
| 650 | 0 |
_aHistória _9116 |
|
| 650 | 0 |
_aTradições e Costumes _9478 |
|
| 655 | 0 |
_aRevista _9475 |
|
| 942 |
_2ddc _n0 _cBK |
||
| 999 |
_c259 _d259 |
||